000 00870nas a2200289 4500
001 BR2011001303
003 BR-BrBNA
005 20231205114504.0
007 ta
008 230509b bl.|||p| |||| 00| 00por d
040 _aBR-BrBNA
_bpor
_cBiblioteca Nacional de Agricultura
041 _a(Pt)
072 _aF02
100 1 _aPio, R.
100 1 _aChagas, E.A.
100 1 _aBarbosa, W.
100 1 _aSignorini, G.
100 1 _aFeldberg, N.P.
245 1 _aEnxertia intergenérica de cultivares de nespereira no porta-enxerto de marmeleiro "Japonês"
650 _aNESPERA
650 _aMARMELO
650 _aPORTA ENXERTO
650 _aPROPAGAÇÃO VEGETATIVA
773 0 _tCiência e Agrotecnologia (Brazil)
_xISSN 1413-7054
_g(Nov-Dec 2010), v. 34(6) p. 1452-1457
_wBR2011001303
909 _a202311
_bLúcia
_c55
_dLúcia Elande
942 _2AGRIS
_n0
_cANA
999 _c208997
_d208997